Catálogo público

Global climate change: (Record no. 217641)

MARC details
000 -CABECERA
campo de control de longitud fija 00721 a2200217 4500
003 - IDENTIFICADOR DEL NÚMERO DE CONTROL
campo de control OSt
005 - FECHA Y HORA DE LA ÚLTIMA TRANSACCIÓN
campo de control 20230427111904.0
008 - DATOS DE LONGITUD FIJA--INFORMACIÓN GENERAL
campo de control de longitud fija 220905b2020 ii ad||f |||| 001 0 eng d
020 ## - NÚMERO INTERNACIONAL ESTÁNDAR DEL LIBRO
Número Internacional Estándar del Libro 9789813298552
040 ## - FUENTE DE LA CATALOGACIÓN
Centro/agencia transcriptor CHAP
082 00 - NÚMERO DE LA CLASIFICACIÓN DECIMAL DEWEY
Número de clasificación 630.577273
Número de documento/Ítem G56
Número de edición 22
245 00 - MENCIÓN DE TÍTULO
Título Global climate change:
Resto del título resilient and smart agriculture /
Mención de responsabilidad, etc. editado por Ram Prasad, Shachi Shah y V. Venkatramanan
264 #1 - PRODUCCIÓN, PUBLICACIÓN, DISTRIBUCIÓN, FABRICACIÓN Y COPYRIGHT
Producción, publicación, distribución, fabricación y copyright India:
Nombre del de productor, editor, distribuidor, fabricante Springer,
Fecha de producción, publicación, distribución, fabricación o copyright 2020.
300 ## - DESCRIPCIÓN FÍSICA
Extensión ilustraciones, gráficas, mapas
650 #4 - PUNTO DE ACCESO ADICIONAL DE MATERIA--TÉRMINO DE MATERIA
9 (RLIN) 17792
Término de materia o nombre geográfico como elemento de entrada Cambios climáticos
650 #4 - PUNTO DE ACCESO ADICIONAL DE MATERIA--TÉRMINO DE MATERIA
9 (RLIN) 2011
Término de materia o nombre geográfico como elemento de entrada Agricultura sustentable
700 1# - PUNTO DE ACCESO ADICIONAL--NOMBRE DE PERSONA
9 (RLIN) 186501
Nombre de persona Prasad, Ram
Término indicativo de función/relación Editor.
700 1# - PUNTO DE ACCESO ADICIONAL--NOMBRE DE PERSONA
9 (RLIN) 186809
Nombre de persona Shah, Shachi
Término indicativo de función/relación Editor.
700 1# - PUNTO DE ACCESO ADICIONAL--NOMBRE DE PERSONA
9 (RLIN) 186810
Nombre de persona Venkatramanan, V.
Término indicativo de función/relación Editor.
942 ## - ELEMENTOS DE PUNTO DE ACCESO ADICIONAL (KOHA)
Fuente del sistema de clasificación o colocación Dewey Decimal Classification
Tipo de ítem Koha Libro
Holdings
Estado de retiro Estado de pérdida Fuente del sistema de clasificación o colocación Estado dañado Restricciones de uso No para préstamo Código de colección Localización permanente Ubicación/localización actual Ubicación en estantería Fecha de adquisición Total de préstamos Signatura topográfica completa Código de barras Fecha visto por última vez Precio válido a partir de Tipo de ítem Koha Número de copia
    Dewey Decimal Classification   Préstamo 15 días   General Biblioteca Central Biblioteca Central Planta principal - Colección General 25/04/2023   630.577273 G56 33724002573545 25/04/2023 25/04/2023 Libro  
    Dewey Decimal Classification   Préstamo 15 días   General Biblioteca Central Biblioteca Central Planta principal - Colección General 25/04/2023   630.577273 G56 33724002573504 25/04/2023 25/04/2023 Libro c.2